000 00251nam a2200097Ia 4500
008 230915s9999 xx 000 0 und d
050 _aRJ 245.P43 2008
100 _a PRICE,DEBRA L.
245 0 _aPEDIATRIC NURSING : AN INTRODUCTORY TEXT
942 _cBK
999 _c199126
_d199126